MARC

LEADER 00000nam0a2200000 4500
001 318575
005 20231102003106.0
035 |a (RuTPU)RU\TPU\book\344073 
090 |a 318575 
100 |a 20160427d1920 m y0rusy50 ca 
101 0 |a rus 
102 |a RU 
105 |a a j 000zy 
200 1 |a Руководство к практическим занятиям в физической лаборатории  |f П. Лейберг  |g РСФСР, Главный комитет профессионально-технического образования (Главпрофобр) 
205 |a 5-е изд. 
210 |a Москва  |c Госиздат  |d 1920 
215 |a 80 с.  |c ил. 
606 1 |a Физические исследования  |2 stltpush  |3 (RuTPU)RU\TPU\subj\58915  |9 76599 
610 1 |a физические лаборатории 
610 1 |a электротехнические лаборатории 
610 1 |a практические занятия 
610 1 |a физические приборы 
610 1 |a описания 
610 1 |a твердые тела 
610 1 |a удельный вес 
610 1 |a определение 
610 1 |a модули 
610 1 |a кручения 
610 1 |a упругость 
610 1 |a коэффициенты 
610 1 |a расширения 
610 1 |a пирометры 
610 1 |a оптические инструменты 
610 1 |a дифракционные решетки 
610 1 |a процентное содержание 
610 1 |a амперметры 
610 1 |a градуирование 
610 1 |a вольтметры 
610 1 |a электродвижущие силы 
610 1 |a удельное сопротивление 
610 1 |a самоиндукция 
675 |a 53.05(076.5)  |v 4 
700 1 |a Лейберг  |b П. 
712 0 1 |a РСФСР  |b Главный комитет профессионально-технического образования (Главпрофобр)  |c (Москва)  |c (1920-1921)  |2 stltpush  |3 (RuTPU)RU\TPU\col\18529 
801 1 |a RU  |b 63413507  |c 20160427 
801 2 |a RU  |b 63413507  |c 20200622  |g RCR 
942 |c BK